[Event "Master Open"]
[Site "Voronezh"]
[Date "2017.06.18"]
[Round "6.6"]
[White "Belyakov, Bogdan"]
[Black "Grachev, Boris"]
[Result "1/2-1/2"]
[WhiteElo "2476"]
[BlackElo "2648"]
[Annotator ""]
[Source ""]
[Remark ""]

1.e4 {[%clk 1:30:55]} g6 {[%clk 1:29:13]} 2.d4 {[%clk 1:30:32]}
Bg7 {[%clk 1:29:37]} 3.Nc3 {[%clk 1:29:26]} c6 {[%clk 1:29:24]}
4.Be3 {[%clk 1:28:41]} d5 {[%clk 1:28:22]} 5.f3 {[%clk 1:27:00]}
b5 {[%clk 1:08:22]} 6.exd5 {[%clk 1:20:21]} b4 {[%clk 1:07:57]}
7.Na4 {[%clk 1:20:38]} cxd5 {[%clk 1:07:38]} 8.Qd2 {[%clk 1:19:36]}
a5 {[%clk 1:03:16]} 9.a3 {[%clk 1:09:52]} bxa3 {[%clk 0:56:19]}
10.Rxa3 {[%clk 1:10:11]} Nd7 {[%clk 0:54:28]} 11.Bd3 {[%clk 1:00:56]}
Ngf6 {[%clk 0:53:44]} 12.Bh6 {[%clk 0:58:57]} O-O {[%clk 0:53:39]}
13.Bxg7 {[%clk 0:59:19]} Kxg7 {[%clk 0:54:06]} 14.Ne2 {[%clk 0:59:37]}
e5 {[%clk 0:50:47]} 15.dxe5 {[%clk 0:56:28]} Nxe5 {[%clk 0:51:12]}
16.O-O {[%clk 0:56:46]} Bd7 {[%clk 0:45:57]} 17.Kh1 {[%clk 0:44:31]}
Rb8 {[%clk 0:43:50]} 18.Nc5 {[%clk 0:39:31]} Rxb2 {[%clk 0:41:29]}
19.Qc3 {[%clk 0:38:51]} Nxd3 {[%clk 0:39:14]} 20.Nxd3 {[%clk 0:39:11]}
Rb6 {[%clk 0:33:51]} 21.Rxa5 {[%clk 0:36:13]} Bb5 {[%clk 0:33:02]}
22.Nd4 {[%clk 0:32:32]} Bc4 {[%clk 0:30:47]} 23.Re1 {[%clk 0:29:59]}
Bxd3 {[%clk 0:28:20]} 24.cxd3 {[%clk 0:29:16]} Re8 {[%clk 0:26:02]}
25.Raa1 {[%clk 0:26:24]} Rxe1+ {[%clk 0:23:39]} 26.Rxe1 {[%clk 0:26:48]}
Qb8 {[%clk 0:23:27]} 27.g3 {[%clk 0:24:04]} Rb1 {[%clk 0:18:39]}
28.Rxb1 {[%clk 0:24:05]} Qxb1+ {[%clk 0:19:04]} 29.Kg2 {[%clk 0:24:26]}
Qa2+ {[%clk 0:18:15]} 30.Kg1 {[%clk 0:24:23]} h5 {[%clk 0:17:22]}
31.h4 {[%clk 0:22:46]} Kh7 {[%clk 0:14:43]} 32.Ne6 {[%clk 0:18:47]}
Qb1+ {[%clk 0:13:00]} 33.Kg2 {[%clk 0:19:05]} Qa2+ {[%clk 0:13:21]}
34.Kg1 {[%clk 0:18:30]} Qb1+ {[%clk 0:12:38]} 35.Kg2 {[%clk 0:18:51]}
fxe6 {[%clk 0:12:51]} 36.Qxf6 {[%clk 0:19:12]} Qc2+ {[%clk 0:13:16]}
37.Kh3 {[%clk 0:17:56]} Qxd3 {[%clk 0:13:23]} 38.Qf7+ {[%clk 0:18:18]}
Kh8 {[%clk 0:13:38]} 39.Qf8+ {[%clk 0:18:41]} Kh7 {[%clk 0:14:05]}
40.Qf7+ {[%clk 0:48:59]} Kh8 {[%clk 0:44:30]} 1/2-1/2

[Event "Master Open"]
[Site "Voronezh"]
[Date "2017.06.18"]
[Round "6.12"]
[White "Khanin, Semen"]
[Black "Rychagov, Andrey"]
[Result "1/2-1/2"]
[WhiteElo "2436"]
[BlackElo "2556"]
[Annotator ""]
[Source ""]
[Remark ""]

1.e4 {[%clk 1:30:57]} e6 {[%clk 1:30:41]} 2.d4 {[%clk 1:31:17]}
d5 {[%clk 1:31:07]} 3.Nc3 {[%clk 1:31:43]} Bb4 {[%clk 1:30:20]}
4.e5 {[%clk 1:32:07]} c5 {[%clk 1:30:37]} 5.a3 {[%clk 1:32:33]}
Bxc3+ {[%clk 1:31:03]} 6.bxc3 {[%clk 1:32:58]} Ne7 {[%clk 1:30:50]}
7.Qg4 {[%clk 1:33:17]} O-O {[%clk 1:30:58]} 8.Bd3 {[%clk 1:33:34]}
f5 {[%clk 1:30:31]} 9.exf6 {[%clk 1:33:58]} Rxf6 {[%clk 1:30:58]}
10.Bg5 {[%clk 1:34:17]} Rf7 {[%clk 1:31:21]} 11.Qh5 {[%clk 1:34:37]}
g6 {[%clk 1:31:45]} 12.Qd1 {[%clk 1:35:03]} Qa5 {[%clk 1:30:46]}
13.Bd2 {[%clk 1:32:18]} Nd7 {[%clk 1:26:30]} 14.Nf3 {[%clk 1:27:31]}
c4 {[%clk 1:25:23]} 15.Be2 {[%clk 1:27:56]} Nc6 {[%clk 1:25:49]}
16.Ng5 {[%clk 1:22:28]} Re7 {[%clk 1:25:40]} 17.f4 {[%clk 1:20:36]}
Nf6 {[%clk 1:25:39]} 18.Bf3 {[%clk 1:20:56]} Bd7 {[%clk 1:21:28]}
19.O-O {[%clk 1:20:02]} Rf8 {[%clk 1:01:55]} 20.Qe2 {[%clk 1:14:06]}
Nd8 {[%clk 0:58:56]} 21.Be1 {[%clk 1:00:25]} Nf7 {[%clk 0:51:32]}
22.Nxf7 {[%clk 0:59:13]} Rexf7 {[%clk 0:50:28]} 23.Bd2 {[%clk 0:55:50]}
Re8 {[%clk 0:47:13]} 24.Qe5 {[%clk 0:54:38]} Ba4 {[%clk 0:44:48]}
25.Ra2 {[%clk 0:52:10]} Qb6 {[%clk 0:37:39]} 26.Bc1 {[%clk 0:48:59]}
Qd8 {[%clk 0:35:29]} 27.Bd2 {[%clk 0:47:45]} Qd7 {[%clk 0:33:30]}
28.Rb2 {[%clk 0:41:00]} Bc6 {[%clk 0:33:27]} 29.Qe2 {[%clk 0:40:21]}
Qd6 {[%clk 0:33:21]} 30.Ra2 {[%clk 0:37:39]} Qd7 {[%clk 0:27:19]}
31.Rb2 {[%clk 0:36:12]} Qd6 {[%clk 0:23:23]} 32.Ra2 {[%clk 0:36:34]}
Qd7 {[%clk 0:14:00]} 33.Rb2 1/2-1/2

[Event "Master Open"]
[Site "Voronezh"]
[Date "2017.06.13"]
[Round "2.15"]
[White "Salemgareev, Tagir"]
[Black "Maiorov, Nikita"]
[Result "0-1"]
[WhiteElo "2360"]
[BlackElo "2521"]
[Annotator ""]
[Source ""]
[Remark ""]

1.d4 Nf6 2.c4 e6 3.Nc3 Bb4 4.e3 O-O 5.Nge2 d5 6.a3 Be7 7.cxd5
exd5 8.g3 c6 9.Bg2 Na6 10.O-O Nc7 11.Qc2 Nfe8 12.f3 f5 13.Bd2
Nd6 14.Rad1 Kh8 15.Nf4 Bf6 16.b3 Bd7 17.Bc1 a5 18.a4 Re8 19.Ba3
Be7 20.Rfe1 Nf7 21.Bxe7 Rxe7 22.Qd2 Na6 23.e4 fxe4 24.fxe4 Bg4
25.Rc1 dxe4 26.Nxe4 Nb4 27.Nc5 Rxe1+ 28.Rxe1 b6 29.Nce6 Qd7 30.Qc3
Rg8 31.h3 Bf5 32.g4 Bxe6 33.Rxe6 Ng5 34.Re5 Rf8 35.Qd2 Nf7 36.Re6
g5 37.Rf6 gxf4 38.Qxf4 Nd5 39.Bxd5 Qxd5 40.Kh2 Kg8 41.Rf5 Qd6
42.Kg3 Qxf4+ 43.Kxf4 Nd6 44.Rxf8+ Kxf8 45.Ke5 Ke7 46.h4 Nf7+
47.Kf5 Nh6+ 48.Kg5 Ng8 49.Kf5 Kd6 50.h5 Kd5 51.g5 Kd6 52.Kf4
Ke6 53.Ke4 Ne7 54.Kf4 Nf5 55.h6 Ne7 56.Kg3 Kf5 57.Kh4 Ng6+ 58.Kh5
Nf4+ 59.Kh4 Ne6 0-1

[Event "Master Open"]
[Site "Voronezh"]
[Date "2017.06.13"]
[Round "2.16"]
[White "Paravyan, David"]
[Black "Chekletsov, Ilya"]
[Result "1-0"]
[WhiteElo "2521"]
[BlackElo "2378"]
[Annotator ""]
[Source ""]
[Remark ""]

1.d4 Nf6 2.c4 e6 3.Nc3 Bb4 4.Qc2 O-O 5.a3 Bxc3+ 6.Qxc3 b6 7.Bg5
Bb7 8.f3 h6 9.Bh4 c5 10.O-O-O Nd5 11.Qe1 Ne7 12.d5 Qe8 13.e4
e5 14.Bg3 Ng6 15.h4 d6 16.h5 Nh8 17.f4 f6 18.Nf3 Bc8 19.Nh4 Na6
20.Bd3 Nc7 21.fxe5 fxe5 22.Qe3 Bd7 23.Nf5 Bxf5 24.exf5 Qd7 25.Bh4
Ne8 26.g4 Nf6 27.g5 hxg5 28.Bxg5 e4 29.h6 exd3 30.hxg7 Qxg7 31.Qe6+
Rf7 32.Bxf6 1-0

[Event "Master Open"]
[Site "Voronezh"]
[Date "2017.06.13"]
[Round "2.17"]
[White "Strelnikov, Sergey"]
[Black "Tsydypov, Zhamsaran"]
[Result "0-1"]
[WhiteElo "2357"]
[BlackElo "2511"]
[Annotator ""]
[Source ""]
[Remark ""]

1.f4 d5 2.Nf3 Bg4 3.e3 e6 4.Be2 c5 5.O-O Nc6 6.d3 Nf6 7.Qe1 Bd6
8.Nc3 O-O 9.e4 dxe4 10.dxe4 e5 11.f5 Nd4 12.Bd1 h6 13.h3 Bxf3
14.gxf3 Be7 15.Kh2 Nh5 16.Rg1 Bh4 17.Qf1 Nf4 18.Ne2 Ndxe2 19.Bxe2
Bg5 20.Bc4 Qf6 21.Kh1 Rad8 22.Bxf4 exf4 23.c3 Bh4 24.Qe2 Bg3
25.Rgd1 Qh4 26.Kg2 Rfe8 27.Bb5 Rf8 28.Bc4 a6 29.a4 Rfe8 30.Bb3
Qg5 31.Kf1 Qh5 32.Qg2 g6 33.fxg6 Qxg6 34.Bd5 Kh8 35.a5 Qh5 36.Bb3
Rg8 37.Rxd8 Rxd8 38.Rd1 Rg8 39.Ke2 Bh4 40.Qf1 Rg3 41.Bd5 Be7
42.Bxb7 c4 43.e5 Qxe5+ 44.Kd2 Qb5 45.Be4 Qxb2+ 46.Bc2 Bf6 0-1

[Event "Master Open"]
[Site "Voronezh"]
[Date "2017.06.13"]
[Round "2.18"]
[White "Gabrielian, Artur"]
[Black "Panchenko, Dmitry"]
[Result "1-0"]
[WhiteElo "2506"]
[BlackElo "2371"]
[Annotator ""]
[Source ""]
[Remark ""]

1.e4 e5 2.Bc4 Nc6 3.Nf3 Bc5 4.d3 Nf6 5.O-O a6 6.c3 d6 7.Bg5 h6
8.Bh4 g5 9.Bg3 Bg4 10.Nbd2 Nh5 11.Kh1 Qd7 12.h3 Be6 13.b4 Ba7
14.a4 O-O 15.b5 axb5 16.axb5 Ne7 17.Bh2 Nf4 18.Bxf4 gxf4 19.Qb3
Kh7 20.d4 Bxc4 21.Nxc4 f6 22.Ra2 d5 23.Ncd2 dxe4 24.Nxe4 Qf5
25.Re1 Kg7 26.Ned2 Bb6 27.dxe5 Ng6 28.exf6+ Qxf6 29.Rxa8 Rxa8
30.Ne4 Qf5 31.c4 Re8 32.Qc3+ Kf7 33.Qd3 Kf8 34.c5 Ba5 35.Re2
Re7 36.b6 Qd7 37.Qb3 Qe6 38.Qd3 Qd7 39.Qc2 Re6 40.bxc7 Bxc7 41.Nc3
Rxe2 42.Qxe2 Ne7 43.Qe4 Qc6 44.Qc4 Nf5 45.Nb5 Bb8 46.Qb4 Kg7
47.Nc3 Bc7 48.Nd4 Nxd4 49.Qxd4+ Kh7 50.Nd5 Bb8 51.Kg1 Ba7 52.Qe4+
Kh8 53.Qe5+ Kh7 54.Qf5+ Kh8 55.Ne7 Qe8 56.Qe5+ Kh7 57.Qe4+ Kg7
58.Nf5+ Kf8 59.Qxb7 Qe5 60.Nd6 1-0

[Event "Master Open"]
[Site "Voronezh"]
[Date "2017.06.13"]
[Round "2.19"]
[White "Bryakin, Mikhail"]
[Black "Burmakin, Vladimir"]
[Result "0-1"]
[WhiteElo "2338"]
[BlackElo "2504"]
[Annotator ""]
[Source ""]
[Remark ""]

1.d4 Nf6 2.c4 e6 3.Nf3 b6 4.g3 Bb7 5.Bg2 d5 6.O-O Bd6 7.Nbd2
O-O 8.b3 c5 9.Bb2 Nc6 10.dxc5 bxc5 11.Re1 d4 12.e4 Qc7 13.Qe2
Nd7 14.Nh4 Be7 15.Nhf3 e5 16.Rf1 a5 17.a4 Nb4 18.Ne1 Bg5 19.Ndf3
Bh6 20.Nh4 g6 21.Ba3 Na6 22.Nd3 Rae8 23.Rae1 Nf6 24.Qd1 Re6 25.f4
exf4 26.e5 f3 27.Bxf3 Nd7 28.Bd5 Be3+ 29.Rxe3 dxe3 30.Bxe6 fxe6
31.Rxf8+ Nxf8 32.Qe2 Qb6 33.Qb2 Be4 34.Ne1 Qd8 35.Qe2 Qd2 36.Kf1
Qc3 37.Qb2 Qd2 38.Nhf3 Bxf3 39.Nxf3 e2+ 40.Kg1 e1Q+ 0-1

[Event "Master Open"]
[Site "Voronezh"]
[Date "2017.06.13"]
[Round "2.20"]
[White "Golubov, Saveliy"]
[Black "Murtazin, Ruslan"]
[Result "1-0"]
[WhiteElo "2504"]
[BlackElo "2359"]
[Annotator ""]
[Source ""]
[Remark ""]

1.Nf3 Nf6 2.g3 g6 3.d4 Bg7 4.Bg2 O-O 5.O-O d6 6.c4 Nc6 7.Nc3
Bf5 8.Bf4 Ne4 9.Nd5 e5 10.dxe5 dxe5 11.Be3 Nd6 12.Rc1 Be4 13.Bc5
b6 14.Ba3 Nxc4 15.Ne7+ Nxe7 16.Qxd8 Rfxd8 17.Bxe7 Nxb2 18.Bxd8
Rxd8 19.Rxc7 Bd5 20.Ng5 Bxa2 21.Rxa7 Bc4 22.Rb1 e4 23.Nxe4 Bxe2
24.Rba1 Bd4 25.Ra8 Rf8 26.Rxf8+ Kxf8 27.Ra8+ Ke7 28.Ra7+ Ke6
29.Ng5+ Kf6 30.Nxh7+ Kg7 31.Ng5 Kf6 32.h4 Bc4 33.Rd7 Bc5 34.Bd5
Bxd5 35.Rxd5 Na4 36.Rd7 Be7 37.Rb7 1-0

[Event "Master Open"]
[Site "Voronezh"]
[Date "2017.06.13"]
[Round "2.21"]
[White "Tsoi, Dmitry"]
[Black "Iljiushenok, Ilia"]
[Result "0-1"]
[WhiteElo "2326"]
[BlackElo "2496"]
[Annotator ""]
[Source ""]
[Remark ""]

1.e4 c5 2.Nf3 e6 3.d4 cxd4 4.Nxd4 Nc6 5.Nb5 d6 6.c4 Nf6 7.N1c3
a6 8.Na3 Be7 9.Be2 O-O 10.O-O b6 11.Be3 Bb7 12.Qd2 Ne5 13.f3
Qc7 14.Rac1 Rac8 15.Rfd1 Rfe8 16.Bf1 Qb8 17.Kh1 Ned7 18.Qf2 Bd8
19.b4 Bc7 20.Qg1 Qa8 21.Na4 d5 22.exd5 exd5 23.Nxb6 Nxb6 24.Bxb6
Bf4 25.Rc3 dxc4 26.Rxc4 Nd5 27.Rxc8 Qxc8 28.b5 Nc3 29.Ra1 Qf5
30.Qc5 Qf6 31.bxa6 Ne4 32.Qd4 Be5 33.Qe3 Qh4 34.h3 Bc6 35.Rd1
Bf4 36.Qd4 Ng3+ 37.Kg1 Nxf1 38.Kxf1 Bxf3 39.Qd8 Bxg2+ 40.Kg1
Be3+ 41.Kxg2 Qf2+ 42.Kh1 Qf3+ 43.Kh2 Bf4+ 44.Kg1 Qg3+ 45.Kf1
Qxh3+ 46.Kg1 Bh2+ 47.Kf2 Qg3+ 48.Kf1 Qf3+ 49.Bf2 Qh3# 0-1

[Event "Master Open"]
[Site "Voronezh"]
[Date "2017.06.13"]
[Round "2.22"]
[White "Gavrilov, Alexei"]
[Black "Raja, Harshit"]
[Result "1/2-1/2"]
[WhiteElo "2495"]
[BlackElo "2350"]
[Annotator ""]
[Source ""]
[Remark ""]

1.e4 e5 2.Nf3 Nc6 3.Bb5 a6 4.Ba4 Nf6 5.O-O b5 6.Bb3 Bc5 7.a4
Rb8 8.axb5 axb5 9.Nxe5 Nxe5 10.d4 Bxd4 11.Qxd4 d6 12.f4 Nc6 13.Qc3
Ne7 14.Qd3 O-O 15.Nc3 c6 16.e5 Ng4 17.exd6 Nf5 18.Ne4 c5 19.c4
Nd4 20.Bd1 Nf6 21.Nxc5 Qxd6 22.Be3 Rd8 23.b4 bxc4 24.Qxc4 Nf5
25.Bf2 Nd5 26.Bb3 Rxb4 27.Qxd5 Qxd5 28.Bxd5 Rxd5 29.Ra8 Rd8 30.Rc1
Ne7 31.Na4 Nc6 32.Bb6 Bb7 33.Rxd8+ Nxd8 34.Bxd8 Rxa4 35.Rb1 Be4 1/2-1/2

[Event "Master Open"]
[Site "Voronezh"]
[Date "2017.06.13"]
[Round "2.23"]
[White "Zhileykin, Andrey"]
[Black "Khegay, Dmitriy"]
[Result "1-0"]
[WhiteElo "2225"]
[BlackElo "2482"]
[Annotator ""]
[Source ""]
[Remark ""]

1.e4 e6 2.d4 d5 3.Nd2 Nc6 4.Ngf3 Nf6 5.e5 Nd7 6.Bd3 Nb4 7.Be2
c5 8.O-O cxd4 9.Nb3 Qc7 10.Nbxd4 Nxe5 11.Nxe5 Qxe5 12.Bb5+ Bd7
13.Bxd7+ Kxd7 14.Re1 Qd6 15.Qh5 g6 16.Qf3 Be7 17.Qxf7 Rhf8 18.Qg7
e5 19.Bg5 e4 20.Rad1 Rae8 21.Re3 Nc6 22.Nxc6 bxc6 23.Rxe4 Rf5
24.h4 dxe4 25.Rxd6+ Kxd6 26.Qxh7 Kd7 27.Qxg6 Rd5 28.Bxe7 Rxe7
29.h5 Rd6 30.Qg5 Ree6 31.Qe3 Re5 32.g4 Rf6 33.h6 Rf3 34.Qxa7+
Ke6 35.h7 Rh3 36.Kg2 Rh4 37.Qg7 e3 38.fxe3 1-0

[Event "Master Open"]
[Site "Voronezh"]
[Date "2017.06.13"]
[Round "2.24"]
[White "Belyakov, Bogdan"]
[Black "Sergienko, Sergey"]
[Result "1/2-1/2"]
[WhiteElo "2476"]
[BlackElo "2344"]
[Annotator ""]
[Source ""]
[Remark ""]

1.e4 c5 2.Nf3 a6 3.Nc3 b5 4.d4 cxd4 5.Nxd4 Bb7 6.a3 d6 7.g3 Nf6
8.Bg2 e6 9.O-O Nbd7 10.Re1 Qc7 11.h3 Be7 12.g4 h6 13.f4 Nc5 14.b4
Ncd7 15.Qd3 Rc8 16.Nde2 e5 17.f5 Nb6 18.Be3 O-O 19.Bf2 Rfd8 20.Qe3
Nc4 21.Qg3 Nd2 22.Qd3 Nc4 23.Qg3 Nd2 24.Qd3 Nc4 1/2-1/2

[Event "Master Open"]
[Site "Voronezh"]
[Date "2017.06.13"]
[Round "2.25"]
[White "Praggnanandhaa, R"]
[Black "Ovchinnikov, Vsevolod"]
[Result "1-0"]
[WhiteElo "2467"]
[BlackElo "2325"]
[Annotator ""]
[Source ""]
[Remark ""]

1.e4 e6 2.d4 d5 3.Nd2 Nc6 4.Ngf3 Nf6 5.e5 Nd7 6.Nb3 Be7 7.c3
O-O 8.Bd3 f6 9.Qe2 fxe5 10.Nxe5 Ncxe5 11.dxe5 Qe8 12.Nd4 Nc5
13.Bc2 a5 14.Be3 Bd7 15.Qg4 Qf7 16.h4 Kh8 17.O-O-O Ne4 18.f3
Nc5 19.h5 h6 20.Ne2 Rfd8 21.Nf4 Kg8 22.Ng6 Bg5 23.Bxg5 hxg5 24.Qxg5
Ba4 25.h6 gxh6 26.Rxh6 1-0

[Event "Master Open"]
[Site "Voronezh"]
[Date "2017.06.13"]
[Round "2.26"]
[White "Gunchenko, Vadim"]
[Black "Nihal, Sarin"]
[Result "1/2-1/2"]
[WhiteElo "2199"]
[BlackElo "2454"]
[Annotator ""]
[Source ""]
[Remark ""]

1.d4 Nf6 2.c4 g6 3.Nc3 Bg7 4.e4 d6 5.Nf3 O-O 6.h3 e5 7.d5 a5
8.Be3 Na6 9.Nd2 Nd7 10.g4 Qe8 11.Bd3 Ndc5 12.Bb1 Bd7 13.Qe2 c6
14.a3 Nc7 15.Bc2 b5 16.O-O cxd5 17.Nxd5 Nxd5 18.cxd5 Rc8 19.Rfc1
Qe7 20.b4 axb4 21.axb4 Na4 22.Bd3 h5 23.f3 Bf6 24.Nf1 Bg5 25.Kg2
Kg7 26.Bxg5 Qxg5 27.Qe3 Kf6 28.Kg3 Rh8 29.Qxg5+ Kxg5 30.Ne3 h4+
31.Kf2 Kf6 32.Ng2 Ke7 33.Ne3 Rxc1 34.Rxc1 Ra8 35.Ra1 Rc8 36.Ke2
Rc3 37.Kd2 Rb3 38.Rb1 Ra3 39.Rc1 Nb2 40.Be2 Kd8 41.Rc3 Ra1 42.Rc1
Ra3 43.Rc3 Ra4 44.Rc2 Nc4+ 45.Nxc4 bxc4 46.Rxc4 Bb5 1/2-1/2

[Event "Master Open"]
[Site "Voronezh"]
[Date "2017.06.13"]
[Round "2.27"]
[White "Grishchenko, Sergey"]
[Black "Vaishali, R"]
[Result "1/2-1/2"]
[WhiteElo "2447"]
[BlackElo "2312"]
[Annotator ""]
[Source ""]
[Remark ""]

1.d4 Nf6 2.c4 e6 3.Nc3 d5 4.cxd5 exd5 5.Bg5 Be7 6.e3 c6 7.Bd3
Nbd7 8.Nge2 O-O 9.Ng3 Re8 10.Nf5 Bf8 11.Qf3 b5 12.a3 a5 13.Qg3
Kh8 14.Nd6 Bxd6 15.Qxd6 Re6 16.Qg3 h6 17.h4 Nb6 18.Ne2 Qf8 19.Qc7
Nc4 20.b3 Nxa3 21.Nf4 Qb4+ 22.Kf1 Re7 23.Qxc6 Bb7 24.Qc5 Qxc5
25.dxc5 b4 26.Bxf6 gxf6 27.Ke2 d4 28.Rhc1 Bc6 29.Kd2 dxe3+ 30.fxe3
Rae8 31.Nh5 Rxe3 32.Nxf6 R8e6 33.Nh5 R6e5 34.Nf4 Rg3 35.Re1 Rxc5
36.Rac1 Rxc1 37.Rxc1 Bb5 38.Rc8+ Rg8 39.Rc7 Bxd3 40.Kxd3 Rg3+
41.Ke4 Rxb3 42.Rxf7 Rg3 43.Nh5 Kg8 44.Rd7 Rxg2 1/2-1/2

[Event "Master Open"]
[Site "Voronezh"]
[Date "2017.06.13"]
[Round "2.28"]
[White "Krithigga, K"]
[Black "Kozionov, Kirill"]
[Result "0-1"]
[WhiteElo "1836"]
[BlackElo "2437"]
[Annotator ""]
[Source ""]
[Remark ""]

1.c4 e5 2.g3 Nf6 3.Bg2 d5 4.cxd5 Nxd5 5.Nf3 Nc6 6.O-O Nb6 7.b3
Bd6 8.Bb2 O-O 9.Nc3 Re8 10.d3 Bg4 11.Nd2 Qd7 12.Nc4 Bh3 13.Nxd6
cxd6 14.Rc1 Bxg2 15.Kxg2 Re6 16.Ne4 f5 17.Ng5 Rg6 18.Nf3 f4 19.e3
Nd5 20.e4 fxg3 21.exd5 gxh2+ 22.Kh1 Qh3 23.Nh4 Qxh4 24.f4 Ne7
25.fxe5 Nf5 26.Rxf5 Rg1+ 0-1

[Event "Master Open"]
[Site "Voronezh"]
[Date "2017.06.13"]
[Round "2.29"]
[White "Kokarev, Dmitry"]
[Black "Sarvesh, Kumar A"]
[Result "1-0"]
[WhiteElo "2640"]
[BlackElo "1905"]
[Annotator ""]
[Source ""]
[Remark ""]

1.e4 e5 2.Nf3 Nc6 3.Bb5 a6 4.Ba4 Nf6 5.O-O Be7 6.Re1 b5 7.Bb3
d6 8.c3 O-O 9.h3 Bb7 10.d4 Re8 11.Nbd2 Bf8 12.d5 Nb8 13.Nf1 Nbd7
14.Bg5 h6 15.Bh4 c6 16.Ne3 cxd5 17.Bxf6 Nxf6 18.Nxd5 Nxd5 19.Bxd5
Qe7 20.Nh2 Rac8 21.Bb3 Red8 22.Qf3 Rc5 23.Rad1 a5 24.a3 a4 25.Ba2
Bc8 26.Ng4 Be6 27.Bxe6 fxe6 28.Ne3 Qf7 29.Qe2 Rdc8 30.Nc2 Be7
31.Rd3 Rf8 32.Rf3 Bf6 33.Nb4 Qb7 34.Rd3 Rd8 35.Red1 Qe7 36.g3
Rc4 37.h4 Qf8 38.Qg4 Qe7 39.Qg6 Rd7 40.Kg2 Rc8 41.R1d2 Rdd8 42.Qg4
Rc4 43.Qd1 Qb7 44.Rxd6 Rxd6 45.Rxd6 Qxe4+ 46.Qf3 Qxf3+ 47.Kxf3
Be7 48.Rxe6 Bxb4 49.axb4 a3 50.bxa3 Rxc3+ 51.Ke4 Rxa3 52.Rxe5
Ra2 53.f3 Rg2 54.Kf4 1-0

[Event "Master Open"]
[Site "Voronezh"]
[Date "2017.06.13"]
[Round "2.30"]
[White "Obolentseva, Alexandra"]
[Black "Ponkratov, Pavel"]
[Result "0-1"]
[WhiteElo "2283"]
[BlackElo "2595"]
[Annotator ""]
[Source ""]
[Remark ""]

1.d4 Nf6 2.c4 g6 3.Nc3 d5 4.Nf3 Bg7 5.e3 e6 6.Bd3 O-O 7.O-O b6
8.e4 dxe4 9.Nxe4 Bb7 10.Bg5 Nbd7 11.Re1 h6 12.Bh4 Qc8 13.Nxf6+
Nxf6 14.Qd2 Bxf3 15.gxf3 Qd7 16.Bxf6 Bxf6 17.d5 exd5 18.Be4 Rae8
19.cxd5 Bg5 20.Qc3 Bf4 21.Kg2 Qd8 22.Rg1 Qh4 23.Kf1 Bxh2 24.Rg2
Qh3 25.Qc2 Re5 26.Qxc7 Bf4 27.Rc1 Rxe4 0-1

[Event "Master Open"]
[Site "Voronezh"]
[Date "2017.06.13"]
[Round "2.31"]
[White "Arjun, Kalyan"]
[Black "Rychagov, Andrey"]
[Result "1/2-1/2"]
[WhiteElo "2322"]
[BlackElo "2556"]
[Annotator ""]
[Source ""]
[Remark ""]

1.e4 e6 2.d4 d5 3.Nc3 Bb4 4.e5 c5 5.a3 Bxc3+ 6.bxc3 Qa5 7.Bd2
Qa4 8.Qg4 Kf8 9.Qd1 b6 10.dxc5 bxc5 11.c4 Ne7 12.Nf3 Ba6 13.cxd5
Nxd5 14.Bxa6 Qxa6 15.Qe2 Qxe2+ 16.Kxe2 Nd7 17.Rhb1 Ke7 18.Rb5
Rhc8 19.a4 f6 20.c4 N5b6 21.exf6+ gxf6 22.Kd3 Rc6 23.a5 Nc8 24.Be3
Nd6 25.Rb2 Rg8 26.g3 h5 27.Re1 Rcc8 28.Rbe2 Nf8 29.Nd2 Rd8 30.Kc2
Nf5 31.Nb3 Nd4+ 32.Bxd4 cxd4 33.Rd2 Rc8 34.Rxd4 e5 35.f4 Nd7
36.Kc3 Rc7 37.fxe5 Nxe5 38.c5 Rb8 39.Rh4 Kf7 40.Rxh5 Kg6 41.Rh4
Rcb7 42.Rb1 Rb5 43.Rb2 a6 44.Rd4 Nc6 45.Rd6 Nxa5 46.Rb6 R8xb6
47.cxb6 Nb7 48.Nd2 Rc5+ 49.Kd4 Rc8 50.Nc4 a5 51.Rd2 Kf7 52.Kc3
Ke6 53.h4 Nc5 54.Rd6+ Ke7 55.Rd4 Rb8 56.Kc2 Nd7 57.Re4+ Kf8 58.Re6
Rc8 59.Kc3 Kf7 60.Rd6 Ke7 61.Rd4 Nxb6 62.Kd3 1/2-1/2

[Event "Master Open"]
[Site "Voronezh"]
[Date "2017.06.13"]
[Round "2.32"]
[White "Tran, Tuan Minh"]
[Black "Gukesh, D"]
[Result "1-0"]
[WhiteElo "2541"]
[BlackElo "2332"]
[Annotator ""]
[Source ""]
[Remark ""]

1.c4 e5 2.Nc3 Nc6 3.g3 f5 4.Bg2 Nf6 5.e3 d5 6.cxd5 Nb4 7.d3 c6
8.e4 fxe4 9.dxe4 cxd5 10.a3 Qa5 11.Bg5 d4 12.axb4 Qxb4 13.Bxf6
gxf6 14.Ra4 Qxb2 15.Nd5 Be6 16.Nc7+ Kd7 17.Nxe6 Bb4+ 18.Kf1 Kxe6
19.Bh3+ Kd6 20.Kg2 a5 21.Ne2 b5 22.Ra1 Qd2 23.Qf1 Kc5 24.Nc1
Kc6 25.Ra2 Qh6 26.Rc2+ Bc3 27.Na2 Qg7 28.Nxc3 dxc3 29.Qd3 b4
30.Qc4+ Kb6 31.Rxc3 Qb7 32.Qc5+ Ka6 33.Qd6+ Ka7 34.Rc7 1-0

[Event "Master Open"]
[Site "Voronezh"]
[Date "2017.06.13"]
[Round "2.33"]
[White "Zontakh, Andrey"]
[Black "Anchutin, Nikita"]
[Result "1-0"]
[WhiteElo "2528"]
[BlackElo "2282"]
[Annotator ""]
[Source ""]
[Remark ""]

1.d4 d5 2.c4 c6 3.e3 Nf6 4.Nc3 e6 5.Nf3 Nbd7 6.Bd3 Bd6 7.O-O
O-O 8.e4 dxe4 9.Nxe4 Nxe4 10.Bxe4 Nf6 11.Bg5 Be7 12.Bxf6 Bxf6
13.c5 Qc7 14.Qc2 g6 15.Qc3 Rd8 16.Rfd1 b6 17.Rac1 bxc5 18.Qxc5
Rb8 19.b3 Rb6 20.Bxc6 Bb7 21.Bxb7 Qxb7 22.Qc7 Qxc7 23.Rxc7 Ra6
24.Rd2 h5 25.h4 Ra3 26.g3 a5 27.Kg2 Rd5 28.Ra7 Kg7 29.Rc2 Bxd4
30.Nxd4 Rxd4 31.Rcc7 Rxa2 32.Rxf7+ Kg8 33.Rfc7 Rd8 34.Rg7+ Kf8
35.Rh7 Kg8 36.Rag7+ Kf8 37.Rxg6 Rb2 38.Rf6+ Kg8 39.Rxh5 Ra8 40.Rg5+
Kh7 41.Rb5 e5 42.Kf3 Ra7 43.Rf5 Kg6 44.g4 Rc7 45.h5+ Kg7 46.g5
Rc3+ 47.Kg4 Rb1 48.Rb7+ Kg8 49.Rxe5 1-0

[Event "Master Open"]
[Site "Voronezh"]
[Date "2017.06.13"]
[Round "2.34"]
[White "Smirnov, Alexander"]
[Black "Klimentov, Evgeny"]
[Result "0-1"]
[WhiteElo "2423"]
[BlackElo "2259"]
[Annotator ""]
[Source ""]
[Remark ""]

1.d4 Nf6 2.Nf3 g6 3.c3 Bg7 4.e3 O-O 5.Bd3 d5 6.O-O Nbd7 7.Nbd2
b6 8.a4 Bb7 9.a5 c5 10.a6 Bc6 11.b4 c4 12.Bc2 Rc8 13.Qe2 Bb5
14.e4 dxe4 15.Nxe4 Nd5 16.Ra3 Qc7 17.Neg5 Qd6 18.Re1 h6 19.Ne4
Qc7 20.Ng3 Nb8 21.Qe4 Qd6 22.Qh4 Qf6 23.Qe4 Qd6 24.Ne5 f5 25.Qf3
Rf6 26.Nxg6 Rxg6 27.Qxf5 Rc6 28.Be4 Nxc3 29.Qxg6 Qxg6 30.Bxg6
Rxg6 31.Rxc3 Bxd4 32.Ra3 Nc6 33.Nf5 e5 34.Nxh6+ Kh7 35.Nf5 c3
36.Re4 Bd3 37.Rh4+ Kg8 38.b5 Bxf5 39.bxc6 Rxc6 40.Rh6 Rc8 41.g4
Be4 42.Rd6 Rf8 43.Be3 c2 44.Rxd4 exd4 45.Bc1 b5 46.Rb3 Bd5 47.Rxb5
Re8 48.Rxd5 Re1+ 49.Kg2 Rxc1 50.Rxd4 Rg1+ 51.Kxg1 c1Q+ 52.Kg2
Qc6+ 53.f3 Qxa6 54.Kg3 Qb6 55.Rd5 a5 0-1

[Event "Master Open"]
[Site "Voronezh"]
[Date "2017.06.13"]
[Round "2.35"]
[White "Karpenko, Artem"]
[Black "Grigoryeva, Olga A."]
[Result "1/2-1/2"]
[WhiteElo "2404"]
[BlackElo "2204"]
[Annotator ""]
[Source ""]
[Remark ""]

1.d4 d5 2.c4 c6 3.Nf3 Nf6 4.g3 g6 5.Bg2 Bg7 6.O-O O-O 7.Nc3 dxc4
8.e4 Bg4 9.Be3 Nbd7 10.h3 Bxf3 11.Qxf3 e5 12.Rfd1 Qa5 13.Qe2
exd4 14.Bxd4 Ne5 15.b3 cxb3 16.axb3 Qc7 17.f4 Ned7 18.e5 Ne8
19.b4 Qc8 20.b5 c5 21.Nd5 Kh8 22.Bb2 Nc7 23.Qd3 Nxd5 24.Qxd5
Nb6 25.Qxb7 Qxb7 26.Bxb7 Rad8 27.Ba3 Na4 28.Rd5 Rfe8 29.Rc1 Bf8
30.Kf2 Kg8 31.Ke3 f6 32.Bc6 fxe5 33.Ke4 Nb6 34.Rxd8 Rxd8 35.Kxe5
Bg7+ 36.Ke6 c4 37.Bd6 Bb2 38.Rc2 c3 39.Be5 Rd2 40.Rxd2 cxd2 41.Bf3
Bxe5 42.fxe5 Kf8 43.Kf6 Nd5+ 44.Ke6 Nb6 45.Kf6 Nd5+ 1/2-1/2

[Event "Master Open"]
[Site "Voronezh"]
[Date "2017.06.13"]
[Round "2.36"]
[White "Peskov, Alexsey"]
[Black "Lingur, Zalina"]
[Result "1-0"]
[WhiteElo "2394"]
[BlackElo "2125"]
[Annotator ""]
[Source ""]
[Remark ""]

1.d4 Nf6 2.Nf3 e6 3.e3 b6 4.Bd3 Bb7 5.O-O d5 6.c4 Bd6 7.Nc3 O-O
8.Qc2 c5 9.Rd1 Nc6 10.a3 cxd4 11.exd4 dxc4 12.Bxc4 Na5 13.Ba2
Bxf3 14.gxf3 Qc7 15.Bg5 Nh5 16.Qe4 Bf4 17.Bxf4 Qxf4 18.d5 exd5
19.Nxd5 Qg5+ 20.Qg4 Qh6 21.Ne7+ Kh8 22.b4 Nb7 23.Nf5 Qg6 24.Ne7
Qh6 25.Nf5 Qg6 26.Ng3 Nf6 27.Qf4 Nd8 28.Qd6 Ne6 29.Bxe6 fxe6
30.Qxe6 Rae8 31.Qd6 Qf7 32.Rd3 Nh5 33.Qd5 Qg6 34.Rd4 Nf4 35.Qd6
Ne2+ 36.Kg2 Nxd4 37.Qxd4 Qc6 38.Ne4 Rd8 39.Qe3 Qg6+ 40.Kh1 Qh5
41.Kg2 Rde8 42.Qb3 Qe5 43.Rd1 Re6 44.Rd5 Rg6+ 45.Ng3 Qe6 46.Rd3
Qe7 47.Re3 Qb7 48.Qd3 Qc8 49.Re4 Qc6 50.Rh4 Rh6 51.Rg4 Rd6 52.Qe3
Rdf6 53.Re4 h6 54.Qd3 Kg8 55.Re3 b5 56.Re4 a6 57.Re3 Rd6 58.Qe2
Qd5 59.Ne4 Rg6+ 60.Ng3 Rgf6 61.Rd3 Qc4 62.Qd2 Qf4 63.Qe2 Qc4
64.Qd2 Rf4 65.Rc3 Qf7 66.Qe2 h5 67.h3 h4 68.Ne4 Qg6+ 69.Kh2 Qh5
70.Kg2 Qg6+ 71.Kh2 Qh5 72.Kg2 R4f5 73.Qd1 Rd5 74.Qe2 Qg6+ 75.Kh2
Rfd8 76.Rc1 Qf7 77.Rc6 Rd3 78.Kg2 Rxa3 79.Ng5 Qd5 80.Rc5 Qd4
81.Qe4 Qd3 82.Qe6+ Kh8 83.Nf7+ Kh7 84.Rh5+ 1-0